Caractères Japonais - Hiraganas - Statistiques

Statistiques générales
  • Ce quiz a été pris 6 947 fois
  • Le résultat moyen est 38 sur 48
Statistiques - réponses
Hiragana Transcription % Correct
I
89%
N
89%
A
88%
Ka
88%
Ku
87%
Shi
87%
E
85%
Su
85%
U
85%
No
84%
O
84%
Tsu
84%
Ko
83%
Ta
83%
Te
83%
To
83%
Chi
82%
Fu
82%
Ki
81%
Ma
81%
Se
81%
Ha
80%
Hi
80%
Sa
80%
He
79%
Mo
79%
Na
79%
So
79%
Ya
79%
Mi
78%
Ni
78%
Ra
78%
Ru
78%
Yo
78%
Ri
77%
Ro
77%
Wa
77%
Yu
77%
Ne
76%
Ho
75%
Ke
75%
Mu
75%
Me
74%
Nu
74%
Re
73%
Wo
70%
(ゐ) Wi
47%
(ゑ) We
46%
Aucun quiz correspondant
Distribution des résultats
% des personnes avec chaque résultat
Percentile par nombre de réponses
Votre historique - résultats
Vous n’avez pas pris ce quiz